El árbol del bien y del mal / (Record no. 12358)

MARC details
000 -LEADER
campo de control de longitud fija 00788nam a2200253 i 4500
001 - NÚMERO DE CONTROL
campo de control 12358
003 - IDENTIFICADOR DE NÚMERO DE CONTROL
campo de control ES-MaACL
005 - FECHA Y HORA DE LA ÚLTIMA TRANSACCIÓN
campo de control 20230906150309.0
007 - CAMPO FIJO DE DESCRIPCIÓN FÍSICA--INFORMACIÓN GENERAL
campo de control de longitud fija t|
008 - DATOS DE LONGITUD FIJA--INFORMACIÓN GENERAL
campo de control de longitud fija 921005s1989 sp ||||0| spa d
016 7# - NÚMERO DE CONTROL DE UNA AGENCIA BIBLIOGRÁFICA NACIONAL
Número de control cancelado/no válido CEN920051465
020 ## - NÚMERO INTERNACIONAL ESTÁNDAR DEL LIBRO
Número Internacional Estándar del Libro 84-87137-15-6
040 ## - FUENTE DE CATALOGACIÓN
Centro catalogador/agencia de origen CEN
Lengua de catalogación spa
Centro/agencia transcriptor CEN
080 ## - NÚMERO DE LA CLASIFICACIÓN DECIMAL UNIVERSAL
Número de la Clasificación Decimal Universal 860-31"19"
100 1# - ENTRADA PRINCIPAL--NOMBRE DE PERSONA
Nombre de persona Armas Marcelo, J. J.
9 (RLIN) 22929
245 13 - MENCIÓN DEL TÍTULO
Título El árbol del bien y del mal /
Mención de responsabilidad, etc. J. J. Armas Marcelo.
260 ## - PUBLICACIÓN, DISTRIBUCIÓN, ETC.
Lugar de publicación, distribución, etc. [Las Palmas] :
Nombre del editor, distribuidor, etc. Viceconsejería de Cultura y Deportes,
Fecha de publicación, distribución, etc. 1989.
300 ## - DESCRIPCIÓN FÍSICA
Extensión 274 p ;
Dimensiones 21 cm.
490 1# - MENCIÓN DE SERIE
Mención de serie Biblioteca básica canaria ;
Designación de volumen o secuencia 48
710 1# - ENTRADA AGREGADA--NOMBRE DE ENTIDAD CORPORATIVA
Nombre de entidad corporativa o nombre de jurisdicción como elemento de entrada Canarias.
Unidad subordinada Viceconsejería de Cultura y Deportes.
9 (RLIN) 2427
830 0# - PUNTO DE ACCESO ADICIONAL DE SERIE-TÍTULO UNIFORME
Título uniforme Biblioteca básica canaria ;
Designación de volumen o secuencia 48
9 (RLIN) 177611
852 ## - LOCALIZACIÓN
Ubicación ES-MaACL
Número de control de estantería L-19790
Sublocalización o colección R.122324
Holdings
Estatus retirado Estado de pérdida Estado de daño No para préstamo Biblioteca de origen Biblioteca actual Ubicación en estantería Fecha de adquisición Fuente de adquisición Total de préstamos Signatura topográfica completa Código de barras Visto por última vez Precio de reemplazo Tipo de ítem Koha
        Biblioteca del Ateneo de Madrid Biblioteca del Ateneo de Madrid Depósito 2 17/01/2008     L-19790 1012593 23/02/2023 23/02/2023 Libro impreso